00548nam a2200145Ia 4500001000700000003000500007008004100012010001100053040000900064100002900073245017400102260004100276300001000317502007500327Z_1462CHAP220113s2007 xx 000 0 und d a164551 cCHAP aPérez López, Oswaldo aDeterminación del tiempo óptimo de retiro de alimento antes del sacrificio de pollos de engorda en una empresa comercial en Apan, Hidalgo /cOswaldo Pérez López aChapingo, Méx. :bEl autor,c2007 a37 h. aTesis (Ing. Agr. Esp. en Zootecnia) -- UACH. Departamento de Zootecnia